000 00413nam a2200169Ia 4500
001 25786
003 IN-NITTTR
005 20251114233326.0
008 251113s9999||||xx |||||||||||||| ||eng||
040 _beng
040 _cIN-NITTTR
041 _aeng
082 _a006.454 K124S
100 _aKalariya, M.B.
245 0 _aSpeech compression using linear predictive coding /
_cKalariya, M.B.
942 _2ddc
_cBK
999 _c28415
_d28415